{"text_format":"3","workbook":"xlsx","n_sheets":3,"sheets":["Feuil1","Feuil2","Feuil3"],"read":"whole","date_system":"1900"}

{"sheet":"Feuil1","index":0,"n_rows":59,"n_cols":5,"rows_kept":59}
[]
[]
[]
[]
[]
[]
["Libellés","unité","quantité","PU","coût total"]
["A- DEPENSES CONSOMMEES"]
["I- Charges fonctionnement interne"]
["location bureau professionnel","mois",12,50000,{"$f":"C10*D10","v":600000}]
["Electricité/eau","mois",12,25000,{"$f":"C11*D11","v":300000}]
["charges personnel ","H/mois",12,{"v":45000,"d":"45,000"},{"$f":"C12*D12","v":540000}]
["Honoraires consultants","H/J",2,{"v":14000000,"d":"14,000,000"},28000000]
["Matériels de bureau","u",12,20000,240000]
["communication","U",12,45000,540000]
["Sous total 1",{"$nulls":3},{"$f":"SUM(E10:E15)","v":30220000}]
["II- Animation de réunions statutaires ;"]
["Organisations réunions conseils d'administration ","u",2,1000000,{"$f":"C18*D18","v":2000000}]
["Organisation session Assemblée générale","u",1,9000000,{"$f":"C19*D19","v":9000000}]
["Réunions et ateliers","u",3,{"v":1500000,"d":"1,500,000"},4500000]
["Sous tatal 2",{"$nulls":3},{"$f":"SUM(E18:E20)","v":15500000}]
["III- Renforcement organisation et développement institutionnel"]
["Redynamisation des féderations régionales membres","u",7,500000,{"$f":"C23*D23","v":3500000}]
["Organisation du voyage de Ndjamena","H/J",8,250000,{"$f":"C24*D24","v":2000000}]
["formalisation du partenariat avec l’UICN ","H/J",3,250000,{"$f":"C25*D25","v":750000}]
["Sous tatal 3",{"$nulls":3},{"$f":"SUM(E23:E25)","v":6250000}]
["IV- Participation aux concertations et autres réunions ;"]
["Réunion d’information sur  le  projet de développement de l’élevage (PRODEL)","H/J",3,70000,{"$f":"C28*D28","v":210000}]
["Atelier de formulation de la feuille de route pour le contrôle et l’éradication de la peste de petits ruminants  ","H/J",3,70000,{"$f":"C29*D29","v":210000}]
["Atelier du VET-GOV ","H/J",3,70000,210000]
["Atelier de restitution des travaux de préparation du programme Pro-rural ","H/J",3,70000,210000]
["Atelier d’élaboration du contenu du programme PRODEL ","H/J",4,70000,280000]
["Sous total 4",{"$nulls":3},{"$f":"SUM(E28:E32)","v":1120000}]
["V- Renforcement de capacités des membres"]
["Atelier d’élaboration du plan d’affaire pour les entreprises d’élevage","Session",1,2500000,{"$f":"C35*D35","v":2500000}]
["Appui à l'élaboration de 18 plans d'affaires","u",18,500000,{"$f":"C36*D36","v":9000000}]
["Sous total 5",{"$nulls":3},{"$f":"SUM(E35:E36)","v":11500000}]
["VI - Organisation de la 2e session de la foire à bétail "]
["Communication","U",null,null,5042500]
["Location de stands","U",null,null,2500000]
["Aménagement de l'espace forain","U",null,null,23207500]
["Resatauration","U",null,null,4500000]
["intrants alimentaires","U",null,null,17000000]
["Transports","U",null,null,7750000]
["Sous total 6",{"$nulls":3},{"$f":"SUM(E39:E44)","v":60000000}]
["TOTAL DEPENSES",{"$nulls":3},{"$f":"E45+E37+E33+E26+E21+E16","v":124590000}]
[]
["B- RECETTES ENREGISTREES"]
["I-cotisations des membres","u",null,{"v":17000000,"d":"17,000,000"},{"v":17000000,"d":"17,000,000"}]
["II- Financement MINEPIA",null,null,{"v":29000000,"d":"29,000,000"},{"v":29000000,"d":"29,000,000"}]
["III-Financement MINEPAT",null,null,{"v":63000000,"d":"63,000,000"},{"v":63000000,"d":"63,000,000"}]
["IV- Financement UICN",null,null,{"v":4000000,"d":"4,000,000"},{"v":4000000,"d":"4,000,000"}]
["V- Financement SNV"]
["VI- Autres ressources",null,null,{"v":9000000,"d":"9,000,000"},{"v":9000000,"d":"9,000,000"}]
["TOTAL RECETTES",{"$nulls":3},{"$f":"SUM(E49:E54)","v":{"v":122000000,"d":"122,000,000"}}]
[]
["c- SOLDE AU 31/12/2014",null,null,{"v":1500000,"d":"1,500,000"},{"v":1500000,"d":"1,500,000"}]
[]
["D- SOLDE AU 31/12/2015 ",{"$nulls":3},{"$f":"E55+E57-E46","v":{"v":-1090000,"d":"-1,090,000"}}]

{"sheet":"Feuil2","index":1,"n_rows":0,"n_cols":0,"rows_kept":0}

{"sheet":"Feuil3","index":2,"n_rows":0,"n_cols":0,"rows_kept":0}